Slovenská ekonomika v roku 1995

Systémové zmeny v procese hospodárskej reformy Slovenskej republiky za obdobie 1990-1995. Vývoj hlavných ukazovateľov ekonomiky SR. Ekonomická situácia Slovenska v roku 1995. Pozitívne a negatívne tendencie a faktory vplyvu na slovenskú ekonomiku.

Salvato in:
Dettagli Bibliografici
Autore principale: Kosorín, František
Natura: Capitolo di libro
Lingua:slovacco
Soggetti:
Tags: Aggiungi Tag
Nessun Tag, puoi essere il primo ad aggiungerne!!

MARC

LEADER 00000naa a2200000 4500
001 r033586
005 20230919065945.1
041 0 |a slo 
044 |a SK 
245 1 0 |a Slovenská ekonomika v roku 1995  |c František Kosorín 
520 |a Systémové zmeny v procese hospodárskej reformy Slovenskej republiky za obdobie 1990-1995. Vývoj hlavných ukazovateľov ekonomiky SR. Ekonomická situácia Slovenska v roku 1995. Pozitívne a negatívne tendencie a faktory vplyvu na slovenskú ekonomiku. 
610 2 0 |a vývoj hospodársky 
610 2 0 |a transformácia 
610 2 0 |a ukazovatele makroekonomické 
610 2 0 |a ukazovatele ekonomické 
610 2 0 |a inflácia 
610 2 0 |a privatizácia 
610 2 0 |a Slovensko 
610 2 0 |a situácia hospodárska 
610 2 0 |a 1990-1995 
100 1 |a Kosorín, František